Digital signal processing (Record no. 12351)

000 -LEADER
fixed length control field 00445nam a2200169 4500
020 ## - INTERNATIONAL STANDARD BOOK NUMBER
International Standard Book Number 9780070669246
082 ## - DEWEY DECIMAL CLASSIFICATION NUMBER
Classification number 621.3822 SAL
100 ## - MAIN ENTRY--PERSONAL NAME
Personal name Salivahanan, S.
245 ## - TITLE STATEMENT
Title Digital signal processing
250 ## - EDITION STATEMENT
Edition statement 2nd ed.
260 ## - PUBLICATION, DISTRIBUTION, ETC.
Place of publication, distribution, etc. New Delhi
Name of publisher, distributor, etc. McGraw Hill
Date of publication, distribution, etc. 2010
300 ## - PHYSICAL DESCRIPTION
Extent xv, 923 p.
Other physical details ill. ;
500 ## - GENERAL NOTE
General note Includes Index
650 ## - SUBJECT ADDED ENTRY--TOPICAL TERM
Topical term or geographic name entry element Signal processing--Digital techniques.
700 ## - ADDED ENTRY--PERSONAL NAME
Personal name Vallavaraj, A. and Gnanapriya C.
942 ## - ADDED ENTRY ELEMENTS (KOHA)
Koha item type Book
Holdings
Withdrawn status Lost status Damaged status Not for loan Collection code Permanent Location Current Location Shelving location Date acquired Source of acquisition Cost, normal purchase price Total Checkouts Full call number Barcode Date last seen Date last checked out Price effective from Koha item type
          Central Library (CL) Central Library (CL) General Stacks 12/27/2013 Saeed Book Bank 744.25 3 621.3822 SAL SEECS012776 08/25/2024 05/26/2024 12/29/2013 Book
© 2023 Central Library, National University of Sciences and Technology. All Rights Reserved.